000
00272nam a22001217a 4500
008
170405b xxu||||| |||| 00| 0 eng d
041
_a
ALB
080
_a
616.34
100
_a
9
101
_a
SHM
245
_a
SEMUNDJA ULCEROZE GASTRO DUODENALE
_c
DEDJA, S
942
_2
udc
_c
BK
999
_c
9867
_d
9867